| 000 | 01175nam a22002297a 4500 | ||
|---|---|---|---|
| 005 | 20240530110345.0 | ||
| 008 | 141126s2010 ua od frb 000 0 ara d | ||
| 040 | _aEG-CaGPL | ||
| 041 | 0 | _aara | |
| 082 | 0 | 4 |
_221 _a932\ _bق/ح ف |
| 100 | 0 |
_aحسن محمد محى الدين السعدى _cاستاذ تاريخ حضارة مصر والشرق الادنى القديم كلية الاداب جامعة الاسكندرية |
|
| 245 | 1 | 0 |
_aفى تاريخ مصر فى العصر الفرعونى / _cحسن محمد محى الدين السعدى _nالجزء الاول _pمنذ البدايات وحتى طرد الهكسوس |
| 260 |
_aالاسكندرية : _bدار المعرفة الجامعية ، _c2010 |
||
| 300 |
_a448 ص : _bايض ؛ _c24 سم |
||
| 490 | _aمكتبة الطالب فى التاريخ الحضارى | ||
| 504 | _aببليوجرافية : ص 438 -448 | ||
| 651 | 0 | 4 |
_aمصر _xتاريخ قديم |
| 651 | 0 | 4 |
_aمصر القديمة _xتاريخ _yالدولة الحديثة 1850 -525 ق م |
| 651 | 0 | 4 |
_aمصر _xتاريخ _yالعصر الفرعونى 2980 -2475 ق م |
| 942 |
_2ddc _cBK |
||
| 999 |
_c59955 _d59955 |
||